Κατανόηση αφηγήματος σε παιδιά με διαταραχή ελλειμματικής προσοχής-υπερκινητικότητα (ΔΕΠΥ) και σε παιδιά με διαταραχή αυτιστικού φάσματος (ΔΑΦ) : διπλωματική εργασία [πτυχιακή εργασία]
Αποθηκεύτηκε σε:
| Κύριος συγγραφέας: | |
|---|---|
| Συγγραφή απο Οργανισμό/Αρχή: | |
| Άλλοι συγγραφείς: | |
| Μορφή: | Thesis Βιβλίο |
| Γλώσσα: | Greek |
| Δημοσίευση: |
2017.
|
| Θέματα: | |
| Διαθέσιμο Online: | http://hdl.handle.net/11610/23025 |
| Ετικέτες: |
Προσθήκη ετικέτας
Δεν υπάρχουν, Καταχωρήστε ετικέτα πρώτοι!
|
MARC
| LEADER | 00000cam a2200000 a 4500 | ||
|---|---|---|---|
| 001 | 1/114579 | ||
| 008 | 170801s2017####gr | ||| |||| ||gre|| | ||
| 040 | |a GR-MyUa |b gre |c GR-MyUa |e AACR2 | ||
| 041 | 0 | |a gre | |
| 082 | 7 | |a 616.85 |2 (23) | |
| 100 | 1 | |a Μακρή, Χρυσάνθη. | |
| 245 | 1 | 0 | |a Κατανόηση αφηγήματος σε παιδιά με διαταραχή ελλειμματικής προσοχής-υπερκινητικότητα (ΔΕΠΥ) και σε παιδιά με διαταραχή αυτιστικού φάσματος (ΔΑΦ) : |b διπλωματική εργασία [πτυχιακή εργασία] / |c Μακρή Χρυσάνθη ; επιβλέπουσα καθηγήτρια: Παπαηλιού Χριστίνα. |
| 260 | |c 2017. | ||
| 300 | |a 90 σ. : |b πίν. ; |c 30 εκ. | ||
| 500 | |a Υπάρχει ψηφιακό αντίγραφο. | ||
| 500 | |a Μέλη εξεταστικής επιτροπής: Νικολάου Ελένη, Ξανθάκου Ποτίτσα. | ||
| 502 | |a Πτυχιακή εργασία – Πανεπιστήμιο Αιγαίου, Ρόδος, 2017. | ||
| 504 | |a Βιβλιογραφία: σ. 70-81. | ||
| 506 | 1 | |a Πλήρες κείμενο - Ενδοπανεπιστημιακή δημοσίευση - Κλειδωμένη η δυνατότητα αντιγραφής. | |
| 650 | 0 | |a Autistic children. | |
| 650 | 0 | |a Children with disabilities. | |
| 650 | 0 | |a Hyperactive children. | |
| 650 | 0 | |a Behavior disorders in children. | |
| 650 | 0 | |a Communicative competence in children. | |
| 700 | 1 | |a Παπαηλιού, Χριστίνα Φ. |e dgsf | |
| 710 | 2 | |a Πανεπιστήμιο Αιγαίου |b Σχολή Ανθρωπιστικών Επιστημών |b Τμήμα Επιστημών της Προσχολικής Αγωγής και του Εκπαιδευτικού Σχεδιασμού. | |
| 852 | |a INST |b RHODES |c DIATR |e 20170801 |h 616.85 ΜΑΚ |p 005400039467 |q 005400039467 |t DIE |y 23 | ||
| 856 | |u http://hdl.handle.net/11610/23025 | ||
| 924 | |a Μακρή |b Χρυσάνθη |y Ρόδος |z 2017-06 | ||
| 970 | |z 01-08-2017 | ||